[Event "GRE-chT 42nd"]
[Site "Porto Rio"]
[Date "2014.07.03"]
[Round "7.8"]
[White "Terzis, Filippos Stamatis"]
[Black "Margaritis, Georgios A"]
[Result "1-0"]
[WhiteElo "1807"]
[BlackElo "1575"]
[PlyCount "85"]
[EventDate "2014.06.28"]
[EventType "team-swiss"]
[EventRounds "7"]
[EventCountry "GRE"]
[SourceTitle "CBM 161 Extra"]
[Source "ChessBase"]
[SourceDate "2014.08.29"]
[SourceVersion "1"]
[SourceVersionDate "2014.08.29"]
[SourceQuality "1"]
[WhiteTeam "Patron CN"]
[BlackTeam "OFI"]
[WhiteTeamCountry "GRE"]
[BlackTeamCountry "GRE"]

1. e4 e6 2. d4 d5 3. Nd2 Nf6 4. e5 Nfd7 5. Bd3 c5 6. c3 Nc6 7. Ne2 cxd4 8. cxd4 f6 9. exf6 Nxf6 10. 0-0 Bd6 11. Nf3 0-0 12. Bg5 Qc7 13. Rc1 Qb6 14. Qd2 Bd7 15. Bb1 Rac8 16. Nc3 Rf7 17. Bh4 h6 18. Rfe1 Ne4 19. Nxe4 Bf4 20. Qd3 dxe4 21. Qxe4 g5 22. Bg3 Bxc1 23. Rxc1 Qxb2 24. Rd1 Ne7 25. Ne5 Rc1 26. Qe1 Rxd1 27. Qxd1 Ba4 28. Qe1 Rg7 29. Ng4 Ng6 30. Qxe6+ Kf8 31. Bd6+ Ne7 32. Bxe7+ Rxe7 33. Qxh6+ Rg7 34. Qh8+ Kf7 35. Nh6+ Ke6 36. Bf5+ Kd5 37. g4 Qxd4 38. Qd8+ Kc4 39. Be6+ Kd3 40. Qxd4+ Kxd4 41. Nf5+ Ke5 42. Nxg7 Kf6 43. Bd5 1-0

[Event "GRE-chT 42nd"]
[Site "Porto Rio"]
[Date "2014.07.02"]
[Round "6.8"]
[White "Tsouptsis, Sotirios"]
[Black "Margaritis, Georgios A"]
[Result "0-1"]
[WhiteElo "1630"]
[BlackElo "1575"]
[PlyCount "100"]
[EventDate "2014.06.28"]
[EventType "team-swiss"]
[EventRounds "7"]
[EventCountry "GRE"]
[SourceTitle "CBM 161 Extra"]
[Source "ChessBase"]
[SourceDate "2014.08.29"]
[SourceVersion "1"]
[SourceVersionDate "2014.08.29"]
[SourceQuality "1"]
[WhiteTeam "Glyfadas Zenon"]
[BlackTeam "OFI"]
[WhiteTeamCountry "GRE"]
[BlackTeamCountry "GRE"]

1. e4 e6 2. d4 d5 3. Nd2 Nf6 4. e5 Nfd7 5. Ngf3 c5 6. c3 Nc6 7. Be2 cxd4 8. cxd4 f6 9. Bb5 Be7 10. Qe2 f5 11. Nb3 0-0 12. Bd2 Nb4 13. 0-0 a6 14. Bd3 Nb6 15. Ne1 Nxd3 16. Nxd3 Nc4 17. Bc3 b6 18. Nd2 Nxd2 19. Bxd2 Bb7 20. Rac1 Qd7 21. b3 Ba3 22. Rc3 a5 23. Bc1 Bb4 24. Nxb4 axb4 25. Rc2 Ba6 26. Qe1 Bxf1 27. Qxf1 Rfc8 28. Qe2 Rxa2 29. Bb2 Raa8 30. g3 Rc7 31. Qd2 Rac8 32. Rxc7 Rxc7 33. Qxb4 Rc6 34. Ba3 Qe8 35. Qd2 Qc8 36. Qb4 f4 37. gxf4 Qe8 38. Kf1 h6 39. Qa4 Qc8 40. Qb4 Kh7 41. Qb5 Qc7 42. f5 Qd7 43. Qd3 exf5 44. Qe3 f4 45. Qxf4 Qh3+ 46. Ke1 Qc3+ 47. Ke2 Qc2+ 48. Kf1 Qd1+ 49. Kg2 Rg6+ 50. Kh3 Qh5+ 0-1

[Event "GRE-chT 42nd"]
[Site "Porto Rio"]
[Date "2014.06.29"]
[Round "3.9"]
[White "Gouloutis, Nikolaos"]
[Black "Margaritis, Georgios A"]
[Result "1-0"]
[WhiteElo "2064"]
[BlackElo "1575"]
[PlyCount "65"]
[EventDate "2014.06.28"]
[EventType "team-swiss"]
[EventRounds "7"]
[EventCountry "GRE"]
[SourceTitle "CBM 161 Extra"]
[Source "ChessBase"]
[SourceDate "2014.08.29"]
[SourceVersion "1"]
[SourceVersionDate "2014.08.29"]
[SourceQuality "1"]
[WhiteTeam "Polichnis"]
[BlackTeam "OFI"]
[WhiteTeamCountry "GRE"]
[BlackTeamCountry "GRE"]

1. d4 Nf6 2. c4 g6 3. Nc3 Bg7 4. e4 d6 5. f3 0-0 6. Be3 e5 7. d5 c6 8. Bd3 Nh5 9. Nge2 f5 10. exf5 Bxf5 11. 0-0 Bxd3 12. Qxd3 Nf4 13. Bxf4 exf4 14. dxc6 Nxc6 15. b3 Nb4 16. Qd2 b5 17. a3 Qb6+ 18. Kh1 Na6 19. cxb5 Nc7 20. Rad1 Rad8 21. Nd5 Nxd5 22. Qxd5+ Kh8 23. Nd4 Rf6 24. Rfe1 Qc5 25. Nc6 Qxd5 26. Rxd5 Rd7 27. Kg1 Kg8 28. Kf2 Rb7 29. a4 Rd7 30. Re8+ Kf7 31. Ra8 Ke6 32. Rd3 Rff7 33. Nd8+ 1-0

[Event "Mediterranean-ch U20"]
[Site "Crete"]
[Date "2013.08.28"]
[Round "3"]
[White "Tzemanakis, Nikolaos"]
[Black "Margaritis, Georgios A"]
[Result "0-1"]
[WhiteElo "1278"]
[BlackElo "1541"]
[PlyCount "57"]
[EventDate "2013.08.27"]
[EventType "swiss"]
[EventRounds "9"]
[EventCountry "GRE"]
[SourceTitle "CBM 156 Extra"]
[Source "ChessBase"]
[SourceDate "2013.10.22"]
[SourceVersion "1"]
[SourceVersionDate "2013.10.22"]
[SourceQuality "1"]

1. e4 d5 2. exd5 Nf6 3. d4 Nxd5 4. Nf3 g6 5. Bc4 Bg7 6. 0-0 0-0 7. Bxd5 Qxd5 8. Nc3 Qd8 9. h3 b6 10. Be3 Bb7 11. Nh2 Nc6 12. Ne2 Ba6 13. c3 e5 14. Nf3 exd4 15. Nfxd4 Nxd4 16. cxd4 Qd6 17. Re1 Qb4 18. b3 Rad8 19. a3 Qd6 20. Ra2 Bxe2 21. Rexe2 Bxd4 22. Red2 c5 23. b4 Qf6 24. bxc5 bxc5 25. Bxd4 Rxd4 26. Rac2 Rfd8 27. Rxd4 Rxd4 28. Qc1 Qd6 29. Re2 0-1

[Event "GRE-chT 40th"]
[Site "Achaia"]
[Date "2012.07.01"]
[Round "3.14"]
[White "Giannoulakis, Labros"]
[Black "Margaritis, Georgios A"]
[Result "1-0"]
[WhiteElo "1683"]
[BlackElo "1500"]
[PlyCount "139"]
[EventDate "2012.06.30"]
[EventType "team-swiss"]
[EventRounds "7"]
[EventCountry "GRE"]
[SourceTitle "CBM 149 Extra"]
[Source "ChessBase"]
[SourceDate "2012.08.24"]
[SourceVersion "1"]
[SourceVersionDate "2012.08.24"]
[SourceQuality "1"]
[WhiteTeam "Panathlitikos Sykeon"]
[BlackTeam "OFI"]
[WhiteTeamCountry "GRE"]
[BlackTeamCountry "GRE"]

1. d4 Nf6 2. c4 g6 3. Nc3 Bg7 4. e4 d6 5. Nge2 0-0 6. Ng3 e5 7. d5 a5 8. Be2 Ne8 9. 0-0 f5 10. exf5 Bxf5 11. Nxf5 gxf5 12. f4 Kh8 13. Be3 Na6 14. Qc2 Qd7 15. a3 b6 16. Bd3 e4 17. Be2 Nc5 18. b4 Nb7 19. Qd2 Bf6 20. Bd4 Qg7 21. Nb5 Rg8 22. g3 Bxd4+ 23. Qxd4 Qxd4+ 24. Nxd4 Ng7 25. Rfb1 Rae8 26. Bd1 axb4 27. axb4 Nd8 28. Ra7 Re7 29. Nb5 Ne8 30. Rba1 Nf7 31. Bh5 Kg7 32. Nd4 Kf6 33. R1a6 Ng7 34. Bd1 e3 35. Be2 Nh6 36. Nc6 Rd7 37. Rxb6 Re8 38. Rbb7 Rc8 39. b5 Rf7 40. Kg2 Ne8 41. Kf3 Ng4 42. h3 Nf2 43. Nd4 Ne4 44. Ne6 Nc5 45. Nxc5 dxc5 46. b6 Rg7 47. bxc7 Rcxc7 48. Rxc7 Rxc7 49. Rxc7 Nxc7 50. Kxe3 Ne8 51. g4 Nd6 52. Bd3 fxg4 53. hxg4 h6 54. Kf3 Nf7 55. Kg3 Nd6 56. Kh4 Nf7 57. Kh5 Kg7 58. g5 hxg5 59. fxg5 Ne5 60. Be2 Nf7 61. Kg4 Kg6 62. Bd3+ Kg7 63. Kf5 Nd8 64. g6 Kf8 65. Kf6 Nb7 66. g7+ Kg8 67. Bf5 Nd6 68. Be6+ Kh7 69. g8Q+ Kh6 70. Qg6# 1-0

[Event "Crete Poa op"]
[Site "Crete"]
[Date "2012.04.28"]
[Round "4"]
[White "Margaritis, Georgios A"]
[Black "Tsihlis, Ioannis"]
[Result "1-0"]
[WhiteElo "1489"]
[BlackElo "1672"]
[PlyCount "53"]
[EventDate "2012.04.26"]
[EventType "swiss"]
[EventRounds "7"]
[EventCountry "GRE"]
[SourceTitle "EXT 2024"]
[Source "ChessBase"]
[SourceDate "2023.10.10"]
[SourceVersion "1"]
[SourceVersionDate "2023.10.10"]
[SourceQuality "1"]

1. d4 Nf6 2. c4 c5 3. d5 b5 4. cxb5 a6 5. e3 axb5 6. Bxb5 Qa5+ 7. Nc3 Ne4 8. Qb3 Ba6 9. Bxa6 Nxa6 10. Nge2 Rb8 11. Qc2 Nf6 12. 0-0 g6 13. Qd2 Bg7 14. d6 0-0 15. Rd1 Rfe8 16. dxe7 Rxe7 17. Nd5 Qxd2 18. Nxe7+ Kf8 19. Nxg6+ fxg6 20. Rxd2 Ne4 21. Rxd7 Bxb2 22. Rb1 Bxc1 23. Rxb8+ Nxb8 24. Rd8+ Kg7 25. Nxc1 Nc6 26. Rc8 Na5 27. f3 1-0

[Event "Heraklion SOI op 5th"]
[Site "Heraklion"]
[Date "2012.04.19"]
[Round "4"]
[White "Pandelias, Emmanouil"]
[Black "Margaritis, Georgios A"]
[Result "1-0"]
[WhiteElo "2073"]
[BlackElo "1489"]
[PlyCount "107"]
[EventDate "2012.04.17"]
[EventType "swiss"]
[EventRounds "7"]
[EventCountry "GRE"]
[SourceTitle "EXT 2024"]
[Source "ChessBase"]
[SourceDate "2023.10.10"]
[SourceVersion "1"]
[SourceVersionDate "2023.10.10"]
[SourceQuality "1"]

1. d4 Nf6 2. Nf3 g6 3. c4 Bg7 4. Nc3 d6 5. e4 0-0 6. Be2 Nbd7 7. 0-0 e5 8. Be3 a6 9. Qc2 Qe8 10. Nd5 Qd8 11. Rfd1 c6 12. dxe5 dxe5 13. Nb6 Rb8 14. Nxe5 Qc7 15. Nbxd7 Nxd7 16. Nxd7 Bxd7 17. Bc5 Be6 18. Bxf8 Rxf8 19. Rab1 f5 20. Bd3 f4 21. Be2 c5 22. b4 b6 23. bxc5 Qxc5 24. Qd2 Be5 25. Qb4 Bd4 26. Qxc5 Bxc5 27. Rb2 g5 28. h3 h6 29. Rc2 Bc8 30. Bg4 Bb7 31. Be6+ Kh8 32. Bf5 Bc6 33. Rcd2 Ba4 34. Rb1 Bc6 35. Kh2 Kg7 36. h4 Kf6 37. Kh3 Rg8 38. g3 Ke7 39. hxg5 hxg5 40. Kg4 fxg3 41. Kxg3 Rh8 42. Kg4 Kf6 43. e5+ Kf7 44. Kxg5 Be7+ 45. Kf4 Rg8 46. e6+ Ke8 47. Ke5 Bc5 48. Rb3 Ke7 49. Rg3 Rh8 50. Rg7+ Kf8 51. Rc7 Be8 52. Rd8 Bxf2 53. Rf7+ Kg8 54. Rxe8# 1-0

[Event "Heraklion SOI op 5th"]
[Site "Heraklion"]
[Date "2012.04.18"]
[Round "3"]
[White "Margaritis, Georgios A"]
[Black "Kontaki, Maria"]
[Result "1-0"]
[WhiteElo "1489"]
[BlackElo "1000"]
[PlyCount "44"]
[EventDate "2012.04.17"]
[EventType "swiss"]
[EventRounds "7"]
[EventCountry "GRE"]
[SourceTitle "EXT 2024"]
[Source "ChessBase"]
[SourceDate "2023.10.10"]
[SourceVersion "1"]
[SourceVersionDate "2023.10.10"]
[SourceQuality "1"]

1. d4 d5 2. c4 Nf6 3. Nc3 e6 4. Bg5 Bb4 5. a3 Bxc3+ 6. bxc3 0-0 7. e3 Nbd7 8. Nf3 c6 9. cxd5 Qa5 10. Qd2 Ne4 11. Qb2 Nxc3 12. Qd2 Nb6 13. Be7 Re8 14. Bb4 Qxd5 15. Qxc3 Na4 16. Qc2 b5 17. Bd3 g6 18. Be4 Qd7 19. Bxc6 Qc7 20. Rc1 Qb8 21. Bxe8 a6 22. Qc7 Nb2 1-0

[Event "Heraklion Galaxy op 1st"]
[Site "Heraklion"]
[Date "2011.01.08"]
[Round "6"]
[White "Archoleon, Konstantinos"]
[Black "Margaritis, Georgios A"]
[Result "0-1"]
[WhiteElo "1292"]
[BlackElo "1005"]
[PlyCount "86"]
[EventDate "2011.01.04"]
[EventType "swiss"]
[EventRounds "7"]
[EventCountry "GRE"]
[SourceTitle "EXT 2024"]
[Source "ChessBase"]
[SourceDate "2023.10.10"]
[SourceVersion "1"]
[SourceVersionDate "2023.10.10"]
[SourceQuality "1"]

1. e4 e5 2. Nf3 Nc6 3. Nc3 Nf6 4. d4 exd4 5. Nxd4 Bc5 6. Nxc6 bxc6 7. Bc4 0-0 8. 0-0 h6 9. e5 Nh7 10. Qf3 Qh4 11. Bb3 Ba6 12. Re1 Ng5 13. Bxg5 Qxg5 14. e6 fxe6 15. Ne4 Qg6 16. Qg3 Qxg3 17. hxg3 Bb6 18. a4 Rab8 19. Kh2 Bxf2 20. Nc5 Bxc5 21. Re5 Bd4 22. Ra5 Rf1 23. Ra2 Be2 24. c3 Bb6 25. Bxe6+ dxe6 26. Re5 Bd3 27. a5 Bg1+ 28. Kh3 Rbf8 29. g4 Bf2 30. Kh2 Bh4 31. b3 Re1 32. Rxe1 Bxe1 33. Kg1 Rf1+ 34. Kh2 Rf2 35. Rxf2 Bxf2 36. a6 Be4 37. g3 Bf3 38. c4 g5 39. b4 e5 40. b5 cxb5 41. cxb5 e4 42. Kh3 e3 43. b6 cxb6 0-1

[Event "Heraklion Galaxy op 1st"]
[Site "Heraklion"]
[Date "2011.01.06"]
[Round "4"]
[White "Varveraki, Argiri"]
[Black "Margaritis, Georgios A"]
[Result "1-0"]
[WhiteElo "1523"]
[BlackElo "1005"]
[PlyCount "83"]
[EventDate "2011.01.04"]
[EventType "swiss"]
[EventRounds "7"]
[EventCountry "GRE"]
[SourceTitle "EXT 2024"]
[Source "ChessBase"]
[SourceDate "2023.10.10"]
[SourceVersion "1"]
[SourceVersionDate "2023.10.10"]
[SourceQuality "1"]

1. d4 d5 2. c4 c6 3. Nc3 Nf6 4. Nf3 e6 5. a3 a5 6. Bg5 Nbd7 7. Qc2 h6 8. Bh4 Be7 9. e4 0-0 10. e5 Ne8 11. Bxe7 Qxe7 12. Bd3 Nc7 13. 0-0 Rd8 14. cxd5 exd5 15. Qd2 c5 16. Bf5 Nb6 17. Bxc8 Rdxc8 18. dxc5 Qxc5 19. Rac1 Qe7 20. Qd4 Qe6 21. Ne1 Nd7 22. Nd3 Qb6 23. Qxb6 Nxb6 24. Ne2 Ne6 25. b3 Kh7 26. f4 Rxc1 27. Rxc1 Rc8 28. Rxc8 Nxc8 29. Kf2 Ne7 30. g4 g6 31. Ke3 Kg7 32. Nd4 Nxd4 33. Kxd4 b6 34. Nb2 Kf8 35. Na4 b5 36. Nb6 Ke8 37. Nxd5 Nxd5 38. Kxd5 b4 39. axb4 axb4 40. Kc5 Kd7 41. Kxb4 Kc6 42. Kc4 1-0